000 00621nam a2200217Ia 4500
005 20250923145347.0
008 008 250917s9999 xx 000 0 eng d
037 _aTextual
040 _aDSWL
_beng
_cDSWL
041 _aeng
_2eng
084 _aS8, H8;8
_qDSWL
100 _aKrech D.
_9834477
245 0 _aTheory and problems of social psychology
_c by D. Krech
260 _aNew Delhi
_b Tata McGraw Hill Pub. Co. Ltd.
_c1948
300 _axv,639 p.
365 _aINR
_b21 . 60
700 _aR.S.Crutch Field
_9834478
925 _g21 . 60
942 _cTEXL
_hS8, H8;8
999 _c1450441
_d1450441